000
00301nam a2200121 a 4500
005
20140414131914.0
008
100902s19uu xx 00 eng d
050
_a
FIC
_b
C36 2004
100
_a
Chapman, Linda
245
_a
Centre stage.
260
_a
New York :
_b
Puffin Book,
_c
2004.
999
_c
111396
_d
111396